Safe diving : a medical handbook for scuba divers (Record no. 373476)

MARC details
000 -LEADER
fixed length control field 00299nam a2200097Ia 4500
082 ## - DEWEY DECIMAL CLASSIFICATION NUMBER
Classification number MMID-PGSE-PCHR
008 - FIXED-LENGTH DATA ELEMENTS--GENERAL INFORMATION
fixed length control field 210817s9999 xx 000 0 und d
100 ## - MAIN ENTRY--PERSONAL NAME
Personal name KAYLE, Allan Cape Town, 2009 2nd ed
9 (RLIN) 91912
245 #0 - TITLE STATEMENT
Title Safe diving : a medical handbook for scuba divers
942 ## - ADDED ENTRY ELEMENTS
item type Books

No items available.